00732caa a22001332a 4500001000900000003001100009008004300020100001900063245001300082300001400095500016700109773016000276773016200436 015054 AR-FADEU 311216n########xxu####################dd aVega, Germán aMi dolor aPP. 50-51 aEn: La época de Rosas : M. Sastre, J. B. Alberdi, E. Echeverría : antología / comp. Félix Weinberg. Buenos Aires : Centro Editor de América Latina, 19790 06630aWeinberg, Félix, comp.bdBuenos Aireso19tLa época de Rosas : M. Sastre, J. B. Alberdi, E. Echeverría : antologíaw( AR-FADEU) 000790xz0 06630aWeinberg, Félix, comp.bdBuenos Aireso8610tLa época de Rosas : M. Sastre, J. B. Alberdi, E. Echeverría : antologíaw( AR-FADEU) 000790xz